000 00295nam a22001337a 4500
008 170412b xxu||||| |||| 00| 0 eng d
020 _a9780781741330
041 _aeng
080 _210TH
_a612.39
100 _a10
101 _aSHM
245 _aMODERN NUTRITION
_cSHILS, M.E
942 _2udc
_cBK
999 _c10503
_d10503